| 000 | 00559nam a22001577a 4500 | ||
|---|---|---|---|
| 003 | OSt | ||
| 005 | 20151105141142.0 | ||
| 008 | 151105b xxu||||| |||| 00| 0 eng d | ||
| 040 | _cRUA | ||
| 082 | _aFOR កៅ 1994 B119 Or.1 | ||
| 100 |
_93390 _aកៅ ដាណា |
||
| 245 | _aស្វែងយល់ពីលក្ខណះជីវសាស្រ្តប្រភេទឈើត្រសេក នៅស្ថានីយ៍ដំាឈើរមាសហែក; | ||
| 260 |
_aPhnom Penh _bRUA _c1994 |
||
| 300 |
_a65p. _bill. _c29cm. |
||
| 942 |
_2ddc _cFOR |
||
| 999 |
_c3163 _d3163 |
||